000 00445nam a2200181Ia 4500
001 529
005 20260306140524.0
008 260306t2001||||xx |||||||||||||| ||spa||
041 _aESP
082 _a123.5
_bV937
100 _aVerdú Berganza, Ignacio
_eAUT
245 0 _aTomás Bradwardine :
_bel problema de la libertad
260 _c2001
300 _a280 páginas :
_c24 cm.
650 _aGEN
654 _aCHU
942 _cLIB
_dJUS
_fJUS
_2ddc
_n
999 _c529
_d529